00809nam a22002057a 4500003000500000005001700005008004100022010001000063011001000073035001000083040000900093100004100102245019000143260004000333300002200373502009600395650004300491650003600534650003300570CHAP20220329135753.0971013s1978 r 00010 d a41795 a42767 a46896 cCHAP00aEscalante Domínguez, Antonio Luis. aEvaluación de 4 dosis de fertilización y tres densidades de siembra, así como el efecto del cloruro de cloro-colima en el cultivo del tomate de cáscara (Physalis ixocarpa Brot.) aMonterrey, N. L. :bEl autor,c1978 a56 h.b; gráfs. aTesis (Ing. Agr. Administrador) -- ITESM. Divsión de Ciencias Agropecuarias y Marítimas14aFertilizantesxEfecto en tomate verde.14aPlantasxCrecimientoxAditivos.14aTomate verdexEspaciamiento.